|
|
|
|
| LEADER |
00000nas a22000007a 4500 |
| 005 |
20130326151401.0 |
| 007 |
cr|||| |||| |
| 008 |
130326c20129999ch dr|| s|||| 0|||a1eng d |
| 035 |
|
|
|a 7327
|
| 040 |
|
|
|a vLex
|
| 090 |
|
|
|c 4024
|d 4024
|
| 245 |
0 |
0 |
|a Shanghai Daily
|h [Recurso electrn̤ico]
|
| 256 |
|
|
|a Servicio en ln̕ea
|
| 260 |
|
|
|a erth and Kinross (Scotland-United Kingdom) :
|b Benchmark Information Limited,
|c 2012-
|
| 300 |
|
|
|a 1 Recurso electrn̤ico
|
| 506 |
|
|
|d vLex Global
|d vLex Global (Academic Edition, excluding Law Schools)
|d vLex Global (U.S. Academic Edition, Law Schools)
|d vLex Global (U.S. Academic Edition, excluding Law Schools)
|d vLex Global (Academic Edition, Law Schools)
|
| 650 |
0 |
4 |
|a Informacin̤ general
|v Revistas
|z China
|
| 740 |
|
|
|a vLex Revistas (Servicio en ln̕ea)
|
| 856 |
|
|
|a Acceso restringido
|u http://www.vlex.com/source/7327
|
| 942 |
|
|
|c REV
|
| 999 |
|
0 |
|a News
|